| 000 | 00987nam a22002537a 4500 | ||
|---|---|---|---|
| 005 | 20240305165406.0 | ||
| 007 | cr|||| |||| | ||
| 008 | 130308e2012 it |||||s|||| 00||0 ita d | ||
| 020 | _a9788866112099 | ||
| 035 | _a7362 | ||
| 040 | _avLex | ||
| 090 |
_c3859 _d3859 |
||
| 100 | 1 | 0 | _aMarseglia, Rachele |
| 245 | 1 | 3 |
_aIl contratto di edizione dellebook _c/ Rachele Marseglia _h[Recurso electrónico] |
| 256 | _aServicio en línea | ||
| 260 |
_aBari : _bCacucci Editore, _c2012 |
||
| 300 | _a1 Recurso electrónico | ||
| 506 |
_dvLex Global _dvLex Global (Academic Edition, excluding Law Schools) _dvLex Global (U.S. Academic Edition, Law Schools) _dvLex Global (U.S. Academic Edition, excluding Law Schools) _dvLex Global (Academic Edition, Law Schools) |
||
| 650 | 0 | 4 |
_aDerechos de autor _zItalia |
| 650 | 0 | 4 |
_aPropiedad intelectual _zItalia |
| 740 | _avLex Libros (Servicio en línea) | ||
| 856 |
_aAcceso restringido _uhttp://www.vlex.com/source/7362 |
||
| 942 | _cRAA | ||
| 999 |
_c162239 _d162239 |
||